| 000 | 02307cam a22004454i 4500 | ||
|---|---|---|---|
| 003 | PE-LiUPU | ||
| 005 | 20250731165431.0 | ||
| 008 | 160217s1996 pe a grm 000 0 spa d | ||
| 035 | _a(Sirsi) a156200 | ||
| 040 |
_aPE-LiUPU _bspa _cPE-LiUPU _erda |
||
| 099 |
_aIE 2 _bN51 1996 |
||
| 100 | 1 |
_aNeyra Rengifo, Laura E. _autor |
|
| 245 | 1 | 4 |
_aLos Materiales Didácticos para el Desarrollo del Lenguaje en el C.E.I. 149 - USE 14 de Vitarte / _cLaura E. Neyra Rengifo. |
| 264 | 0 | _c1996. | |
| 300 |
_a49 hojas _c30 cm |
||
| 336 |
_atext _2rdacontent |
||
| 337 |
_aunmediated _2rdamedia |
||
| 338 |
_avolume _2rdacarrier |
||
| 502 |
_aInforme _b(Lic.) -- _cUniversidad Peruana Unión, _d1996. |
||
| 504 | _aIncluye referencias | ||
| 520 | 3 | _aLos comprometidos en el quehacer educativo, particularmente en el nivel de educación inicial no dejan de señalar la importancia que tiene la investigación cuya aplicación metodológica permite encontrar respuestas a los diferentes problemas teóricos y prácticos del nivel. El presente trabajo es un estudio de caso titulado "Los materiales didácticos para el desarrollo del lenguaje en el C.E.I N°149 - USE 14", cuyo diseño sigue las grandes líneas de este tipo de investigación desde las preguntas del estudio, las especificaciones, las unidades de análisis, la recolección de informaciones, la unión de los datos a las especificaciones y la interpretación de los resultados. El estudio se realizo en el C.E.I N°149 de la USE 14 del distrito de Vitarte donde se aplicó el trabajo con niños de 5 años una serie de materiales didácticos diseñados para el desarrollo y aprendizaje del lenguaje dentro de la programación curricular durante el año escolar de 1995. | |
| 526 | _aSEG44 | ||
| 526 | _aSEG26 | ||
| 526 | _aP151 | ||
| 526 | _aP150 | ||
| 526 | _aP149 | ||
| 526 | _aP146 | ||
| 526 | _aP145 | ||
| 526 | _aP126 | ||
| 526 | _aP125 | ||
| 526 | _aP92 | ||
| 526 | _aP75 | ||
| 526 | _aP74 | ||
| 526 | _aP27 | ||
| 526 | _aP15 | ||
| 650 | 0 | 4 |
_aMaterial educativo _xLenguaje _xEstudio y enseñana _xNivel inicial. |
| 596 | _a1 | ||
| 942 |
_2ddc _cTESIS |
||
| 999 |
_aIE 2 N51 1996 _wALPHANUM _c8883 _iT00172 _lCCODEBUL3 _mBUL _r1 _sY _tTESIS _u2016-2-17 _xEDUCACION _PP19 _o.STAFF. Informe _d8883 |
||
| 980 |
_81 _gALBERTO SANCHEZ Responsable de Automatización |
||